| 000 | 00656cab a2200241 4500 | ||
|---|---|---|---|
| 001 | ABS57185 | ||
| 008 | 090401t1997 xxu||||| |||| 00| 0 eng d | ||
| 035 | _a(Sirsi) u79352 | ||
| 041 | _aeng | ||
| 100 | _aBarrie, G. | ||
| 245 | _aUnknown territory | ||
| 260 | _c1997 | ||
| 350 | _a0 | ||
| 490 |
_aBuilding _v262(7996) 27 June 1997, 15-16(2) |
||
| 520 | _aAnalysis of what effect the handover of Hong Kong to China will have on the UK construction industry. | ||
| 650 | _aCONSTRUCTION INDUSTRY | ||
| 650 | _aHANDOVER | ||
| 650 | _aHONG KONG | ||
| 650 | _aLAING | ||
| 690 | _aOVERSEAS-REST OF THE WORLD | ||
| 942 | _n0 | ||
| 948 | _c01/07/1997 | ||
| 999 |
_c49874 _d49874 |
||